The National Movement: (Record no. 193044)

MARC details
000 -LEADER
fixed length control field 00558nam a22001817a 4500
005 - DATE AND TIME OF LATEST TRANSACTION
control field 20231110164945.0
010 ## - LCCN (DPL NO)
LC control number ENG-135410
020 ## - INTERNATIONAL STANDARD BOOK NUMBER
International Standard Book Number 9788193401545
Terms of availability 280.00
035 ## - SYSTEM CONTROL NUMBER
System control number EN-118942
037 ## - SOURCE OF ACQUISITION
Source of stock number/acquisition DBAD/PUB
082 ## - DEWEY DECIMAL CLASSIFICATION NUMBER
Classification number 954.0841
100 ## - MAIN ENTRY--PERSONAL NAME
Personal name Habib, Irfan
245 ## - TITLE STATEMENT
Title The National Movement:
Remainder of title Origins and Early Phase, to 1918/
Statement of responsibility, etc By Irfan Habib
260 ## - PUBLICATION, DISTRIBUTION, ETC. (IMPRINT)
Place of publication, distribution, etc New Delhi
Name of publisher, distributor, etc Tulika Books
Date of publication, distribution, etc 2017
270 ## - ADDRESS
Address 44 First Floor, Shahpur Jat
City New Delhi
Postal code 110049
300 ## - PHYSICAL DESCRIPTION
Extent ix, 121p.
Dimensions 25cm(hb)
942 ## - ADDED ENTRY ELEMENTS (KOHA)
Source of classification or shelving scheme Dewey Decimal Classification
Item type English Books
Call number suffix HAB
Classification part 954.0841
Holdings
Withdrawn status Lost status Not for loan Collection code Home library Current library Date acquired Source of acquisition Cost, normal purchase price Full call number Barcode Copy number Cost, replacement price Koha item type
      Non-fiction Bawana Bawana 14/10/2022 DBAD/PUB 280.00 954.0841 HAB EN-118942 1 280.00 English Books

© Delhi Public Library
Hit Counter
free hit counter